• 首页
  • 本馆介绍
  • 公告通知
  • 最新文献
  • 馆藏检索
  • 电子资源
  • 读者导购
  • 参考咨询
  • 我的图书馆
  • 登录
  • 详细信息显示
  • 放入我的书架
  • 预约/预借图书
  • 作者相关作品
  • 分类相关作品
  • 丛书相关作品
  • 出版社相关作品

书目信息

  • 表格格式
  • 工作单格式
  • 卡片格式
题名:
明清民窑青花瓷识真
    
 
作者: 胡雁溪 编著
分册:  
出版信息: 南昌   江西美术出版社  2003
页数: 121页
开本: 23cm
丛书名: 中国文物识真丛书
单 册:
中图分类: K876.34
科图分类:
主题词: 民窑--青花瓷(考古)--鉴定--中国--明清时代 , 青花瓷(考古) , 民窑
电子资源:
ISBN: 7-80690-143-4
000 00935oam2 2200289 450
001 040000000133
005 20051212111626.87
010    @a7-80690-143-4@b精装@dCNY38.00
092    @aCN
100    @a20050323d2003 ekmy0chiy0120 ea
101 0  @achi
102    @aCN@b360000
105    @aa z 000yy
200 1  @a明清民窑青花瓷识真@9ming qing min yao qing hua ci shi zhen@f胡雁溪编著@Fhu yan xi bian zhu
210    @a南昌@c江西美术出版社@d2003
215    @a121页@c照片@d23cm
225 2  @a中国文物识真丛书
330    @a本书收集了122件自明洪武至清宣统时期明清民窑青花瓷的典型器,也选择了几件典型的赝品,通过图片和鉴别、鉴赏的文字进行了说明。
410  0 @12001 @a中国文物识真丛书
606 0  @a民窑@x青花瓷(考古)@x鉴定@y中国@z明清时代
606 0  @a青花瓷(考古)
606 0  @a民窑
690    @aK876.34@v4
701  0 @a胡雁溪@Ahu yan xi@4编著
801  0 @aCN@bNLC@c20051212
905    @a10447@dK876.34@e167
999    @aYYW
    
    明清民窑青花瓷识真/胡雁溪编著.-南昌:江西美术出版社,2003
    121页:照片;23cm.-(中国文物识真丛书)
    
    
    ISBN 7-80690-143-4(精装):CNY38.00
    本书收集了122件自明洪武至清宣统时期明清民窑青花瓷的典型器,也选择了几件典型的赝品,通过图片和鉴别、鉴赏的文字进行了说明。
●
相关链接 在E读中查询图书 在五车中查询图书 在当当中查询图书 在豆瓣中查询图书


正题名:明清民窑青花瓷识真     索取号:K876.34/167         预约/预借

序号 登录号 条形码 馆藏地/架位号 状态 备注
1 0370793   203707934   第二样本阅览室/ [索取号:K876.34/167] 在馆    
唐山师范学院图书馆 欢迎您!
大连网信软件有限公司© 版权所有